Qué puede hacer la Convención Constituyente /
Guardado en:
| Autor Principal: | |
|---|---|
| Formato: | Libro |
| Idioma: | Spanish |
| Publicado: |
Buenos Aires :
Zavalía,
1994
|
| Edición: | 1a. ed. |
| Materias: | |
| Etiquetas: |
Agregar Etiqueta
Sin Etiquetas, Sea el primero en etiquetar este registro!
|
| LEADER | 00484nam a22001575a 4500 | ||
|---|---|---|---|
| 001 | DER.der009594 | ||
| 008 | 180615s1994####ag#||||||||||||||#||spa|| | ||
| 005 | 20250212112916.0 | ||
| 245 | 1 | 0 | |a Qué puede hacer la Convención Constituyente / |c Humberto Quiroga Lavié |
| 250 | |a 1a. ed. | ||
| 260 | |a Buenos Aires : |b Zavalía, |c 1994 | ||
| 300 | |a 127 p. | ||
| 020 | |a 9505722672 | ||
| 100 | 1 | |a Quiroga Lavié, Humberto | |
| 650 | 7 | |a DERECHO CONSTITUCIONAL | |
| 859 | |a DERECHO |b BIB. DERECHO |h 342.02 |i QUI |p 006251 | ||
